000 00779nam a2200229Ii 4500
003 JO-AjNU
008 230605s9999||||xx |||||||||||||| ||und||
017 _a2009/5/1874
020 _a978-9957-22-285-7
040 _aJO-AjNU
_bara
_erda
_cJO-AjNU
041 _aara
050 1 4 _aHG4026.A226 2010
100 3 _aتأليف: عبدالخالق، محمد,
_eauthor
_928303
245 0 0 _aالادارة المالية والمصرفية
250 _aط1
264 3 1 _aعمان: دار اسامة للنشر والتوزيع، 2010
300 _a232ص
_bيحتوي على ببلوغرافية
336 _atext
_btxt
_2rdacontent
337 _aunmediated
_bn
_2rdamedia
338 _avolume
_bnc
_2rdacarrier
650 4 _aالادارة المالية- البنوك
_928304
999 _aA10961
_c14529
_d14529